Planowane przystanki pierwszej linii metra w Krakowie - Statystyki

Ogólne statystyki
  • Ten quiz został rozwiązany 36 razy
  • Średni wynik to 4 z 6
Statystyki odpowiedzi
Odpowiedź % Poprawnych
Rondo Mogilskie
81%
Dworzec Główny
78%
Stare Miasto
78%
AGH
69%
Olsza
47%
Stadion Miejski
44%
Nie znaleziono quizów pasujących do podanych kryteriów
Rozkład punktacji
Procent ludzi z każdym wynikiem
Percentyl według liczby udzielonych odpowiedzi
Twoja historia wyników
Nie rozwiązałeś tego quizu